| 000 | 00451nam a22001697a 4500 | ||
|---|---|---|---|
| 999 |
_c962 _d962 |
||
| 008 | 160324b xxu||||| |||| 00| 0 eng d | ||
| 020 | _a9780131437470 | ||
| 050 |
_aQA331.5 _bROY2010 |
||
| 100 | _aRoyden, H.L. | ||
| 245 |
_aReal analysis/ _cBy H.L.Royden. |
||
| 260 |
_aBoston: _bPearson, _c2010. |
||
| 300 | _axii, 506 p.: | ||
| 650 | _aFunctions of real variables. | ||
| 650 | _aMeasure theory. | ||
| 690 | _aFunctional analysis. | ||
| 942 |
_2lcc _cBK |
||